Normal view
MARC view
- Freedom and organization 1814-1914
Entry Topical Term
001 - CONTROL NUMBER
- control field: 105435
003 - CONTROL NUMBER IDENTIFIER
- control field: NUST
005 - DATE AND TIME OF LATEST TRANSACTION
- control field: 20221221091702.0
008 - FIXED-LENGTH DATA ELEMENTS
- fixed length control field: 221221|| aca||aabn | a|a d
040 ## - CATALOGING SOURCE
- Original cataloging agency: NUST
- Transcribing agency: NUST
150 ## - HEADING--TOPICAL TERM
- Topical term or geographic name entry element: Freedom and organization 1814-1914
670 ## - SOURCE DATA FOUND
- Source citation: Work cat.: (NUST)184247: Russell, Bertrand 37020, Freedom and organization 1814-1914 / , 1945
